000
00243nam a2200109Ia 4500
008
240625s9999 xx 000 0 und d
041
_a
eng
082
_a
336.24 TAX
100
_a
TAXMANN
245
_a
INCOME TAX RULES AND FORMS
260
_c
2008
999
_c
34118
_d
34118